Over the rainbow : dieci discorsi dal Pride /
I tiakina i:
| Ētahi atu kaituhi: | , , , |
|---|---|
| Hōputu: | Pukapuka |
| Reo: | Itāriana Ingarihi |
| I whakaputaina: |
Gallarate :
People,
2020
|
| Rangatū: | Pamphlet
|
| Ngā marau: | |
| Ngā Tūtohu: |
Kāore He Tūtohu, Me noho koe te mea tuatahi ki te tūtohu i tēnei pūkete!
|
MARC
| LEADER | 00000nam a22000007i 4500 | ||
|---|---|---|---|
| 001 | IT\ICCU\TO1\0029882 | ||
| 003 | ItRI | ||
| 005 | 20260226154214.0 | ||
| 008 | 201001s2020 it |||||| ||||| |||||c | ||
| 020 | |a 9791280105103 | ||
| 040 | |b ita |c Arcigay Queer VdA | ||
| 041 | 7 | |a ita |a eng |2 ISO-639-2 | |
| 082 | |a 306.76 |2 22 | ||
| 130 | 0 | |a Over the rainbow | |
| 245 | 0 | 0 | |a Over the rainbow : |b dieci discorsi dal Pride / |c a cura di Francesca Druetti ; illustrazioni di Tommaso Catone ; con i contributi di Gianmarco Capogna e Luca Paladini. |
| 260 | |a Gallarate : |b People, |c 2020 | ||
| 300 | |a 142 p. : |b ill. ; |c 18 cm | ||
| 650 | 7 | |a Orientamento sessuale |x Discorsi |x Antologie |2 nsbncf | |
| 700 | 1 | |a Druetti, Francesca |0 IT\ICCU\TO0V\702147 |4 edt | |
| 700 | 1 | |a Capogna, Gianmarco |0 IT\ICCU\TO1V\004007 | |
| 700 | 1 | |a Paladini, Luca |0 IT\ICCU\TSAV\499266 | |
| 700 | 1 | |a Catone, Tommaso |0 IT\ICCU\UBOV\470005 |4 ill | |
| 830 | 0 | |a Pamphlet |0 IT\ICCU\UBO\4401312 | |
| 942 | |2 ddc |c BK | ||
| 952 | |0 0 |1 0 |2 ddc |4 0 |6 306_760000000000000_DRU_OVE |7 1 |9 3783 |a AO |b AO |d 2025-04-15 |l 0 |o 306.76 DRU OVE |p 11031 |r 2025-04-15 10:43:03 |w 2025-04-15 |x Di proprietà di Giulio Gasperini |y BK | ||
| 952 | |0 0 |1 0 |4 0 |6 DOC_306_766000000000000_DRU |7 0 |9 21905 |a BO |b BO |d 2026-01-15 |i 19477 |l 0 |o DOC 306.766 DRU |p BO19477 |r 2026-01-15 23:22:13 |w 2026-01-15 |x [Sebina 5] [1 v.] |y BK |z 1 v. | ||
| 999 | |c 2960 |d 2960 | ||